Ivy League Map Quiz - Statistics

General Stats
  • This quiz has been taken 188 times
  • The average score is 6 of 8
Answers on the Map
Answers color-coded by a green-red scale on the quiz's map according to % correct below.
 
Answer Stats
Answer % Correct
Harvard University
94%
Yale University
84%
Columbia University
80%
Princeton University
79%
Cornell University
77%
University of Pennsylvania
76%
Brown University
74%
Dartmouth College
74%
No matching quizzes found
Score Distribution
Percent of People with Each Score
Percentile by Number Answered
Your Score History
You have not taken this quiz